000 00500nam a2200181Ia 4500
008 240925s9999 xx 000 0 und d
020 _a72865466
082 _a621.3822 MIT
100 _aMitra , Sanjit K
245 0 _aDigital Signal Processing: a computer based approach
250 _a3rd
260 _aNew Delhi:
_bTata McGraw Hill
_c,2006.
300 _axiii,559p.
_bNA
_fOriginal
500 _aIncludes Index
600 _aTelecommunication Engineering
650 _aTechnology
942 _cBK
999 _c9581
_d9581